Not much time for the Third World / (Record no. 41827)
[ view plain ]
| 000 -LEADER | |
|---|---|
| fixed length control field | 01051nam a2200301 a 4500 |
| 001 - CONTROL NUMBER | |
| control field | 41827 |
| 003 - CONTROL NUMBER IDENTIFIER | |
| rucl marc code | BD-RjUL |
| 005 - DATE AND TIME OF LATEST TRANSACTION | |
| control field | 20211209053445.0 |
| 008 - FIXED-LENGTH DATA ELEMENTS--GENERAL INFORMATION | |
| fixed length control field | 160606s1972 enk b 000 0 eng d |
| 020 ## - INTERNATIONAL STANDARD BOOK NUMBER | |
| International Standard Book Number | 0854962212 |
| 035 ## - SYSTEM CONTROL NUMBER | |
| System control number | (BD-RjUL)41945 |
| 040 ## - CATALOGING SOURCE | |
| Original cataloging agency | BD-RjUL |
| Language of cataloging | eng |
| Transcribing agency | BD-RjUL |
| Modifying agency | BD-RjUL |
| 041 1# - LANGUAGE CODE | |
| Language code of text/sound track or separate title | eng |
| Language code of original | ger |
| 082 ## - DEWEY DECIMAL CLASSIFICATION NUMBER | |
| Edition number | 22 |
| Classification number | 338.911724 |
| Author mark and year | EPN 1972 |
| 100 1# - MAIN ENTRY--PERSONAL NAME | |
| Personal name | Eppler, Erhard. |
| 9 (RLIN) | 128480 |
| 245 10 - TITLE STATEMENT | |
| Title | Not much time for the Third World / |
| Statement of responsibility, etc. | Erhard Eppler ; translated from the German by Gerard Finan |
| 260 ## - PUBLICATION, DISTRIBUTION, ETC. (IMPRINT) | |
| Place of publication, distribution, etc. | London : |
| Name of publisher, distributor, etc. | Wolff, |
| Date of publication, distribution, etc. | c1972 |
| 300 ## - PHYSICAL DESCRIPTION | |
| Pagination | 143 p. ; |
| Size | 19 cm |
| 500 ## - GENERAL NOTE | |
| General note | Translation of Wenig Zeit fΓΌr die Dritte Welt |
| 504 ## - BIBLIOGRAPHY, ETC. NOTE | |
| Bibliography, etc | Includes bibliographical references: p.140-143 |
| 650 #0 - SUBJECT ADDED ENTRY--TOPICAL TERM | |
| Topical term or geographic name as entry element | Economic assistance, German |
| Geographic subdivision | Developing countries |
| 9 (RLIN) | 128481 |
| Topical term or geographic name as entry element | Technical assistance, German |
| Geographic subdivision | Developing countries |
| 9 (RLIN) | 128482 |
| 651 #0 - SUBJECT ADDED ENTRY--GEOGRAPHIC NAME | |
| Geographic name | Developing countries |
| General subdivision | Economic conditions |
| 9 (RLIN) | 128238 |
| 710 ## - ADDED ENTRY--CORPORATE NAME | |
| Corporate name or jurisdiction name as entry element | Gerard Finan |
| 9 (RLIN) | 128483 |
| 942 ## - ADDED ENTRY ELEMENTS (KOHA) | |
| Source of classification or shelving scheme | Dewey Decimal Classification |
| Koha item type | Books |
| Lost status | Source of classification or shelving scheme | Damaged status | Not for loan | Collection code | Permanent Location | Current Location | Shelving location | Date acquired | Source of acquisition | Total Checkouts | Full call number | Date last seen | Copy number | Koha item type |
|---|---|---|---|---|---|---|---|---|---|---|---|---|---|---|
| Dewey Decimal Classification | Not For Loan | Non-fiction | Central Library, University of Rajshahi | Central Library, University of Rajshahi | Reading Room | 14/04/1975 | Library republic of Germany | 338.911724 EPN 1972 | 06/06/2016 | C-1 | Books | |||
| Dewey Decimal Classification | Non-fiction | Central Library, University of Rajshahi | Central Library, University of Rajshahi | 14/04/1975 | Library republic of Germany | 338.911724 EPN 1972 | 06/06/2016 | C-2 | Books | |||||
| Dewey Decimal Classification | Non-fiction | Central Library, University of Rajshahi | Central Library, University of Rajshahi | 14/04/1975 | Library republic of Germany | 338.911724 EPN 1972 | 06/06/2016 | C-3 | Books | |||||
| Dewey Decimal Classification | Non-fiction | Central Library, University of Rajshahi | Central Library, University of Rajshahi | 14/04/1975 | Library republic of Germany | 338.911724 EPN 1972 | 06/06/2016 | C-4 | Books | |||||
| Dewey Decimal Classification | Non-fiction | Central Library, University of Rajshahi | Central Library, University of Rajshahi | 14/04/1975 | Library republic of Germany | 338.911724 EPN 1972 | 06/06/2016 | C-5 | Books | |||||
| Dewey Decimal Classification | Non-fiction | Central Library, University of Rajshahi | Central Library, University of Rajshahi | 14/04/1975 | Library republic of Germany | 338.911724 EPN 1972 | 06/06/2016 | C-6 | Books | |||||
| Dewey Decimal Classification | Non-fiction | Central Library, University of Rajshahi | Central Library, University of Rajshahi | 14/04/1975 | Library republic of Germany | 338.911724 EPN 1972 | 06/06/2016 | C-7 | Books | |||||
| Dewey Decimal Classification | Non-fiction | Central Library, University of Rajshahi | Central Library, University of Rajshahi | 14/04/1975 | Library republic of Germany | 338.911724 EPN 1972 | 06/06/2016 | C-8 | Books | |||||
| Dewey Decimal Classification | Non-fiction | Central Library, University of Rajshahi | Central Library, University of Rajshahi | 14/04/1975 | Library republic of Germany | 338.911724 EPN 1972 | 06/06/2016 | C-9 | Books | |||||
| Dewey Decimal Classification | Non-fiction | Central Library, University of Rajshahi | Central Library, University of Rajshahi | 14/04/1975 | Library republic of Germany | 338.911724 EPN 1972 | 06/06/2016 | C-10 | Books |